000 00399pab a2200145 454500
008 180718b1989 xxu||||| |||| 00| 0 eng d
100 _aHakim, Catherine
245 _aWorkforce restructuring
_bSocial insurance coverage and the black economy
260 _c1989
300 _a471-503
362 _aOct.
650 _aInsurance, Social - U.K.
773 _aJournal of Social Policy
909 _a11100
999 _c11100
_d11100